Janggut in disguise

Bibliographic Details
Main Author: Krishnan Panikker
Corporate Author: Series
Format: Book
Published: Selangor : Penapro , 2005
Series:A potpourri of contemporary tales
Subjects:

MARC

LEADER 00000cam a2200000 7i4500
001 0000002018
005 20151222.0
008 070710
020 |a 9839496794 
020 |a 989949676X(set) 
090 0 0 |a JF   |b ENG 
100 0 |a Krishnan Panikker 
245 1 0 |a Janggut in disguise   |c Krishnan Panikker 
260 |a Selangor :   |b Penapro ,   |c 2005 
440 |a A potpourri of contemporary tales 
500 |a Children ages 7-9 years old (orange) 
650 0 |a Detective and mystery stories English 
650 0 |a English fiction 
710 0 |a Series 
999 |a 0000963793   |b Book   |c Children Collection   |e Perbadanan Perpustakaan Awam Johor 
999 |a 0000963794   |b Book   |c Children Collection   |e Cawangan Taman Sri Lambak 
999 |a 0000963795   |b Book   |c Children Collection   |e Cawangan Sri Merlong 
999 |a 0000972856   |b Book   |c Children Collection   |e Perbadanan Perpustakaan Awam Johor 
999 |a 0000972857   |b Book   |c Children Collection   |e Cawangan Pontian